| 000 | 01546 a2200301 4500 | ||
|---|---|---|---|
| 003 | Nust | ||
| 005 | 20221213093256.0 | ||
| 010 | _a 2006046376 | ||
| 020 | _a0195300483 | ||
| 020 | _a9780195300482 | ||
| 020 | _a9780195300482 | ||
| 035 | _a(OCoLC)69680164 | ||
| 035 | _a(OCoLC)ocm69680164 | ||
| 040 | _cNust | ||
| 082 | 0 | 0 | _a530.141, SAD |
| 100 | 1 | _aSadiku, Matthew N. O. | |
| 245 | 1 | 0 |
_aElements of electromagnetics / _cMatthew N.O. Sadiku. |
| 250 | _a2nd ed. | ||
| 260 |
_aNew York : _bOxford University Press, _c2007. |
||
| 300 |
_axvii, 818 p. : _bill. ; _c25 cm. |
||
| 440 | 0 |
_aOxford series in electrical and computer engineering _993818 |
|
| 505 | _aVector Algebra (Page-3), Coordinate Systems And Transformations (Page-31), Vector Calculus (Page-58), Electrostatic Fields (Page-113), Electric Fields In Material Space (Page-184), Electrostatic Boundary-Value Problems (Page-223), Magnetostatic Fields (Page-289), Magnetic Forces, Materials, And Devices (Page-336), Maxwell's Equations (Page-409), Electromagnetic Wave Propagation (Page-453),Transmission Lines (Page-518), Waveguides (Page-593), Antennas (Page-643), Numerical Methods (Page-696). | ||
| 650 | 0 | _aElectromagnetism. | |
| 856 | 4 | 2 |
_3Contributor biographical information _uhttp://www.loc.gov/catdir/enhancements/fy0725/2006046376-b.html |
| 856 | 4 | 2 |
_3Publisher description _uhttp://www.loc.gov/catdir/enhancements/fy0725/2006046376-d.html |
| 856 | 4 | 2 |
_3Table of contents only _uhttp://www.loc.gov/catdir/enhancements/fy0725/2006046376-t.html |
| 942 |
_2ddc _cBK |
||
| 999 |
_c190819 _d190819 |
||